01303nab a22002537a 4500999001500000003000400015005001700019008004100036040000700077100003400084245013700118260007200255300001200327500003900339505027700378505008900655650002600744650003000770650003700800650002300837650003300860773014300893942001301036 c5978d5978OSt20260115172145.0190605e xxu||||| |||| 00| 0 spa d cPJ 91315aDiego, Julián A. de 13aLa evolución de los salarios a través de los convenios colectivos, el salario mínimo y la inflación /cJulián A. de Diego. aCiudad Autónoma de Buenos Aires :bThomson Reuters La Ley,c2022. ap. 5-12 aCita: TR LALEY AR/DOC/3144/2022.  aSumario: I. Introducción.— II. La evolución del Salario Mínimo Vital y Móvil.— III. La evolución de los salarios convencionales.— IV. La evolución de los salarios fuera de convenio.— V. Cambios necesarios para enfrentar la crisis.— VI. Conclusiones.  t¿Te interesa el texto completo? Solicitalo al correo: koha@justierradelfuego.gov.ar 091316aDERECHO LABORAL 091323aCONTRATO DE TRABAJO 091383aLEY DE CONTRATO DE TRABAJO 091318aREMUNERACION 091319aCONDICIONES DE TRABAJO0 0271193168dCiudad Autónoma de Buenos Aires : Thomson Reuters La Ley, 1999-2002.tRevista de derecho del trabajo. Nº 6 - Noviembre 2022 2udccANA